000 00315nam a2200133Ia 4500
008 230917s9999||||xx |||||||||||||| ||und||
040 _e93044
_aMAIN
041 _aEnglish
082 _a617 S81S
100 _aSusheel
245 0 _aStudy of refractive changes in pterygium surgery
300 _a65 p.
942 _cTH
999 _c88620
_d88620